00511nam a2200133Ia 4500008004100000100002100041245006600062245004700128260004900175650001300224856004800237999001900285952007300304170221s9999 xx 000 0 und d aForrest Thompson aPerformance of HBCUs on the CPA examination for the year 2010 cForrest Thompson, Albany State University. bJournal of Management and Marketing Research xBusiness uhttp://www.aabri.com/manuscripts/121427.pdf c307770d307770 001040aCLbCLd2017-02-21l0r2017-02-21 00:00:00w2017-02-21yFOJ